| 000 | 00365nam a22001577a 4500 | ||
|---|---|---|---|
| 003 | SGT | ||
| 020 | _a9788175345904 | ||
| 082 | _a340.560 954,KOH | ||
| 100 | _aKOHLI, HARI DEV. | ||
| 245 |
_aCOSTOMARY LAW _bAS AT PRESENT ASCHERTAINED |
||
| 250 | _a16TH | ||
| 260 |
_aNEW DELHI _bUNIVERSAL _c2013 |
||
| 300 | _a960 | ||
| 650 | _aCOSTOMARY LAW | ||
| 942 |
_2ddc _cBK |
||
| 999 |
_c10313 _d10313 |
||